000 00394 a2200145 4500
005 20250620163405.0
020 _a0-395-14210-5
082 _aLM 620.103 ANA
100 _aANAND, D. K.
245 _aEngineering Mechanics: Statistics
260 _aBoston,
_bHaughton Mifflin Company,
_c1973.
300 _axi, 307p.: ill.; picture.
_bIndex.
_c24cm.
700 _aCUNNIFF, P. F.
942 _2ddc
_cBKS
999 _c2008
_d2008